000 00803cam a2200277 a 4500
008
020 _a1919681108 (pbk.)
049 _aMAIN
090 _aKTL1950
_bGRA
100 _aGraham, C.R.
245 0 0 _aInsolvent estates /
_cC.R. Graham, W. Abrie [and] R.G. Evans.
250 _a5th ed.
260 _aLynnwoodridge [South Africa] :
_bProPlus,
_c2001.
300 _a265 p. :
_bforms ;
_c22 cm.
504 _aIncludes bibliographical references.
500 _aIncludes index.
650 0 _aBankruptcy
_zSouth Africa.
650 0 _aLiquidation
_zSouth Africa.
700 1 _aAbrie, W.
700 _aEvans, R.G.
907 _a.b10310770
_b11-03-15
_c09-03-12
003
005 20230123125418.0
040 _cNUST
942 _cBOOKS
_kKTL1950
_mGRA
999 _c141056
_d141056